|
|
|
|
| LEADER |
00000nam0a2200000 4500 |
| 001 |
23924 |
| 005 |
20231101205559.0 |
| 010 |
|
|
|a 5804601245
|
| 035 |
|
|
|a (RuTPU)RU\TPU\book\24149
|
| 035 |
|
|
|a BOOK00001917
|
| 090 |
|
|
|a 23924
|
| 100 |
|
|
|a 20011209d2000 k y0rusy50 ca
|
| 101 |
1 |
|
|a rus
|c eng
|
| 102 |
|
|
|a RU
|
| 105 |
|
|
|a a z 000zy
|
| 200 |
1 |
|
|a Эксперимент в социальной психологии
|e пер. с англ.
|f С. Милграм
|
| 205 |
|
|
|a 3-е междунар. изд.
|
| 210 |
|
|
|a СПб.
|c Питер
|d 2000
|
| 215 |
|
|
|a 336 с.
|c ил.
|
| 225 |
1 |
|
|a Мастера психологии
|
| 606 |
|
|
|a Социальная психология
|2 stltpush
|3 (RuTPU)RU\TPU\subj\55669
|9 73677
|
| 610 |
1 |
|
|a психология
|
| 610 |
1 |
|
|a личность
|
| 610 |
1 |
|
|a городская жизнь
|
| 610 |
1 |
|
|a социальные нормы
|
| 610 |
1 |
|
|a города
|
| 610 |
1 |
|
|a психологические карты
|
| 610 |
1 |
|
|a париж
|
| 610 |
1 |
|
|a Нью-Йорк
|
| 610 |
1 |
|
|a подчинение
|
| 610 |
1 |
|
|a индивиды
|
| 610 |
1 |
|
|a групповое поведение
|
| 610 |
1 |
|
|a коммуникации
|
| 686 |
|
|
|a Ю95
|v LBC/SL-A
|2 rubbk
|
| 700 |
|
1 |
|a Милграм
|b С.
|g Стэнли
|
| 801 |
|
0 |
|a RU
|b 63413507
|c 20011209
|g PSBO
|
| 801 |
|
2 |
|a RU
|b 63413507
|c 20180924
|g PSBO
|
| 942 |
|
|
|c BK
|